| 000 | 00830nam a2200253 i 4500 | ||
|---|---|---|---|
| 001 | 103539 | ||
| 003 | ES-MaACL | ||
| 005 | 20230906183406.0 | ||
| 007 | t| | ||
| 008 | 060405s1980 pr ||||1| spa d | ||
| 020 | _a0-8477-2451-4 | ||
| 080 | _a325.1(73) | ||
| 080 | _a342.71(73) | ||
| 080 | _a308(=1.725:73) | ||
| 100 | 1 |
_aBothwell, Reece B. _930778 |
|
| 245 | 1 | 3 |
_aLa ciudadanía en Puerto Rico / _cReece B. Bothwell González. |
| 250 | _a2ª ed. rev. y aum. | ||
| 260 |
_aRío Piedras, Puerto Rico : _bEditorial Universitaria, Universidad de Puerto Rico, _c1980. |
||
| 300 |
_aVI, 85 p. ; _c18 cm. |
||
| 650 | 1 | 4 |
_aCiudadanía- _zPuerto Rico. _911067 |
| 650 | 1 | 4 |
_aPuertorriqueños- _zEstados Unidos. _916619 |
| 650 | 4 |
_aEmigración e inmigración- _zEstados Unidos. _912188 |
|
| 852 |
_aES-MaACL _jC-56821 _bR.137380 |
||
| 999 |
_c103539 _d103539 |
||